000
00299nam a22001337a 4500
008
180914b xxu||||| |||| 00| 0 eng d
020
_a
0824766644
041
_a
eng
080
_a
541
100
_a
12
101
_a
KIM
245
_a
GLC and HPLC of Therapeutic Agents
_c
Tsuji, K
942
_2
udc
_c
BK
999
_c
47768
_d
47768